How to distinguish the saints in art by their costumes, symbols and attributes (Record no. 5688)

MARC details
000 -CABECERA
campo de control de longitud fija 00695nam a2200229 a 4500
001 - NÚMERO DE CONTROL
campo de control BRCA_5999
005 - FECHA Y HORA DE LA ÚLTIMA TRANSACCIÓN
campo de control 20190320205308.0
008 - DATOS DE LONGITUD FIJA--INFORMACIÓN GENERAL
campo de control de longitud fija 290311s1925----nyua######---#000-0#eng-#
041 ## - CÓDIGO DE LENGUA
Código de lengua del texto/banda sonora o título independiente eng
044 ## - CÓDIGO DEL PAÍS DE LA ENTIDAD EDITORA/PRODUCTORA
Código MARC del país nyu
050 #4 - SIGNATURA TOPOGRÁFICA DE LA BIBLIOTECA DEL CONGRESO
Número de clasificación N7830
Número de documento/Ítem .B54 1925
100 1# - ENTRADA PRINCIPAL--NOMBRE DE PERSONA
Nombre de persona Bles, Arthur de
9 (RLIN) 15153
245 10 - MENCIÓN DE TÍTULO
Título How to distinguish the saints in art by their costumes, symbols and attributes
Mención de responsabilidad, etc. Arthur de Bles.
260 ## - PUBLICACIÓN, DISTRIBUCIÓN, ETC.
Lugar de publicación, distribución, etc. Nueva York
Nombre del editor, distribuidor, etc. Art Culture
Fecha de publicación, distribución, etc. 1925
300 ## - DESCRIPCIÓN FÍSICA
Extensión 168 p.
Otras características físicas il., 48 láminas
Dimensiones 31 cm.
500 ## - NOTA GENERAL
Nota general Incluye índice alfabético y lista de ilustraciones
500 ## - NOTA GENERAL
Nota general G107
650 14 - PUNTO DE ACCESO ADICIONAL DE MATERIA--TÉRMINO DE MATERIA
Término de materia o nombre geográfico como elemento de entrada Arte y simbolismo cristiano
9 (RLIN) 9209
650 14 - PUNTO DE ACCESO ADICIONAL DE MATERIA--TÉRMINO DE MATERIA
Término de materia o nombre geográfico como elemento de entrada Santos
Subdivisión general Arte
9 (RLIN) 15154
902 ## - CATALOGADOR
Iniciales GFM
942 ## - ELEMENTOS DE PUNTO DE ACCESO ADICIONAL (KOHA)
Fuente del sistema de clasificación o colocación Library of Congress Classification
Tipo de ítem Koha Libros
Holdings
Estado de retiro Estado de pérdida Estado dañado No para préstamo Localización permanente Ubicación/localización actual Fecha de adquisición Número de inventario Total de préstamos Signatura topográfica completa Código de barras Fecha visto por última vez Precio válido a partir de Tipo de ítem Koha
El ejemplar forma parte de la colección y puede ser consultado según las políticas vigentes.       Biblioteca del Museo Franz Mayer (Rogerio Casas-Alatriste) Biblioteca del Museo Franz Mayer (Rogerio Casas-Alatriste) 29/03/2011 G107   N7830 .B54 1925 (G107) 6438 22/03/2019 22/03/2019 Libros